Pamiatková obnova a adaptácia ruiny paulínskeho kláštora Mariánska Čeľaď pri obci Podhájska.

Saved in:
Bibliographic Details
Main Author: Šaradin, Miloš (Author)
Other Authors: Pauliny, Pavol (Thesis advisor)
Format: Manuscript Book
Language:Slovak
Published: 2025
Subjects:
Online Access:http://is.stuba.sk/zp/portal_zp.pl?podrobnosti=178899
Tags: Add Tag
No Tags, Be the first to tag this record!

MARC

LEADER 00000ntm a22000003a 4500
001 stuzp104826
003 SK-STU
005 20250607210850.4
007 ta
008 150427s2015----xo-----f-mn---000-0-slo-d
040 |a STU  |b slo 
041 0 |a slo 
100 1 |a Šaradin, Miloš  |u 053130  |4 aut  |U FAD Fakulta architektúry a dizajnu  |T FAD Ústav dejín a teórie architektúry a obnovy pamiatok  |X 99380  |U A3130  |Y 394  |7 99380 
242 0 1 |a Monument restoration and adaptation of the ruins of the Pauline monastery Mariánska Čeľaď near the village of Podhájska.  |y eng 
245 1 0 |a Pamiatková obnova a adaptácia ruiny paulínskeho kláštora Mariánska Čeľaď pri obci Podhájska. 
260 |c 2025 
650 4 |a historical ruin  |2 eng 
650 4 |a Mariánska Čeľaď monastery  |2 eng 
650 4 |a heritage restoration  |2 eng 
650 4 |a kláštor Mariánska Čeľaď  |2 slo 
650 4 |a pamiatková obnova  |2 slo 
650 4 |a historická ruina  |2 slo 
700 1 |a Pauliny, Pavol  |u 053130  |k Z1  |4 ths  |U FAD Fakulta architektúry a dizajnu  |T FAD Ústav dejín a teórie architektúry a obnovy pamiatok  |X 474  |U A3130  |Y 394  |7 474 
856 4 |u http://is.stuba.sk/zp/portal_zp.pl?podrobnosti=178899